书目信息 |
| 题名: |
互联网GIS设计原理与开发技术方法
|
|
| 作者: | 王艳军 著 | |
| 分册: | ||
| 出版信息: | 北京 中国纺织出版社 2018 |
|
| 页数: | 192页 | |
| 开本: | 26cm | |
| 丛书名: | ||
| 单 册: | ||
| 中图分类: | P208.2 , P2 | |
| 科图分类: | ||
| 主题词: | 地理信息系统 | |
| 电子资源: | ||
| ISBN: | 978-7-5180-3735-3 | |
| 000 | 00989nam0 2200253 450 | |
| 001 | 2454741730 | |
| 005 | 20241125151242.57 | |
| 010 | @a978-7-5180-3735-3@dCNY68.50 | |
| 090 | @aP2@bwyj | |
| 096 | @aP2@bwyj | |
| 100 | @a20171023d2018 em y0chiy50 ea | |
| 101 | 0 | @achi |
| 102 | @aCN@b110000 | |
| 105 | @ay z 000yy | |
| 200 | 1 | @a互联网GIS设计原理与开发技术方法 @f王艳军著 @9hu lian wang GIS she ji yuan li yu kai fa ji shu fang fa |
| 210 | @a北京@c中国纺织出版社@d2018 | |
| 215 | @a192页@d26cm | |
| 330 | @a本书全面系统地阐述了互联网地理信息系统与服务相关的基本概念、理论、方法与技术;详细深入地描述了计算机网络技术和地理信息系统在互联网GIS平台构建中的作用和地位,并结合当前的下一代互联网、网络技术、云计算和智慧城市讲述互联网GIS发展趋势;引导启发地展示了互联网GIS在具体工程实践中的应用案例。 | |
| 606 | 0 | @a地理信息系统 |
| 690 | @aP208.2@v5 | |
| 690 | @aP2@v4 | |
| 701 | 0 | @a王艳军@f(1984~)@4著@9wang yan jun |
| 801 | 0 | @aCN@bMuseLib.NET@c20171023 |
| 905 | @aZUCC@dP2@e3 | |
| 互联网GIS设计原理与开发技术方法 /王艳军著 .-北京:中国纺织出版社,2018 |
| 192页;26cm |
| ISBN 978-7-5180-3735-3:CNY68.50 |
| 本书全面系统地阐述了互联网地理信息系统与服务相关的基本概念、理论、方法与技术;详细深入地描述了计算机网络技术和地理信息系统在互联网GIS平台构建中的作用和地位,并结合当前的下一代互联网、网络技术、云计算和智慧城市讲述互联网GIS发展趋势;引导启发地展示了互联网GIS在具体工程实践中的应用案例。 |
| ● |
| 相关链接 |
|
|
|
正题名:互联网GIS设计原理与开发技术方法
索取号:P2/3
 
预约/预借
| 序号 | 登录号 | 条形码 | 馆藏地/架位号 | 状态 | 备注 |
| 1 | 2000977829 | 2000977829 | 第四书库/四27架A面1层5列/ [索取号:P2/3] | 在馆 | |
| 2 | 2000977830 | 2000977830 | 第四书库/四27架A面1层5列/ [索取号:P2/3] | 在馆 | |
| 3 | 2000977831 | 2000977831 | 第四书库/四27架A面1层5列/ [索取号:P2/3] | 在馆 | |
| 4 | 2000977832 | 2000977832 | 第四书库/四27架A面1层5列/ [索取号:P2/3] | 在馆 | |
| 5 | 2000977833 | 2000977833 | 第四书库/四27架A面1层5列/ [索取号:P2/3] | 在馆 | |
| 6 | 2000977834 | 2000977834 | 第四书库/四27架A面1层5列/ [索取号:P2/3] | 在馆 |